000 00730cam a2200241 i 4500
999 _c4075
_d4075
001 4612713
003 GBCCL
005 20241126110510.0
008 770511s1977 ilu b 001 0 eng
010 _a 77023472
020 _a080246808X :
_c$5.95
040 _aDLC
_cDLC
_dDLC
050 0 0 _aBV210.2
_b.S26
082 0 0 _a248.32
_bSAN
100 1 _aSanders, J. Oswald
_q(John Oswald),
_d1902-1992.
_97831
245 1 0 _aPrayer power unlimited /
_cby J. Oswald Sanders.
260 _aChicago :
_bMoody Press,
_cc1977.
300 _a176 p. ;
_c22 cm.
504 _aIncludes bibliographical references and index.
650 0 _aPrayer
_xChristianity.
_9227
906 _a7
_bcbc
_corignew
_d1
_eocip
_f19
_gy-gencatlg
942 _2ddc
_cBK
_03